00657nam a2200193 i 450000100060000000300090000600700030001500800410001810000220005924501270008125000220020826000530023030000510028349000320033470000150036670000200038183000320040185200300043328255ES-MaACLt|030116s1936 xxu ||||1| eng d1 aBadger, Walter L.10aElements of Chemical Engineering / cby Walter L. Badger and Warren L. Mc Cabe ; with an introduction by Arthur D. Little. a2nd ed., 6th imp. aNew York, etc. : bMcGraw-Hill Book Co., c1936. aXVII, 660 p. : bil., gráf. pleg. ; c24 cm.1 aChemical Engineering series1 aMcCabe, L.1 aLittle, Arthur.0 aChemical Engineering series aES-MaACLjE-351 bR.26490